|
|
|
|
| LEADER |
00000nam0a2200000 4500 |
| 001 |
214303 |
| 005 |
20231101225857.0 |
| 010 |
|
|
|a 0521686490
|
| 035 |
|
|
|a (RuTPU)RU\TPU\book\234165
|
| 090 |
|
|
|a 214303
|
| 100 |
|
|
|a 20120423d2006 m y0engy50 ba
|
| 101 |
0 |
|
|a eng
|
| 102 |
|
|
|a GB
|
| 105 |
|
|
|a y z 000ay
|
| 200 |
1 |
|
|a When Summer Comes
|f H. Naylor
|
| 210 |
|
|
|a Cambridge
|c Cambridge University Press
|d 2006
|
| 215 |
|
|
|a 80 p.
|e 2 CD-ROM
|
| 225 |
1 |
|
|a Cambridge english readers
|v Level 4
|
| 330 |
|
|
|a Modern, original fiction for learners of English. A hot summer and a holiday by the sea: Stephen and Anna Martins are escaping their stressful lives in London, and taking a holiday in the south-west of England. They make friends with a local fisherman, but when Stephen is called back to London for work, Anna is left alone for a few days. And then something happens which changes their lives for ever.
|
| 606 |
1 |
|
|a Английский язык
|x Учебные руководства и пособия
|x Хрестоматии, книги для чтения
|2 stltpush
|3 (RuTPU)RU\TPU\subj\29075
|9 52487
|
| 610 |
1 |
|
|a английская литература
|
| 610 |
1 |
|
|a романы
|
| 610 |
1 |
|
|a любовь
|
| 610 |
1 |
|
|a CD-ROM
|
| 686 |
|
|
|a Ш143.21-923.8
|v LBC/SL-A
|2 rubbk
|
| 700 |
|
1 |
|a Naylor
|b H.
|g Helen
|
| 801 |
|
1 |
|a RU
|b 63413507
|c 20120423
|
| 801 |
|
2 |
|a RU
|b 63413507
|c 20121015
|g RCR
|
| 942 |
|
|
|c BK
|